| 000 | 01355nam0a22002771 4500 | ||
|---|---|---|---|
| 001 | RU\NLR\INFOCOMM_195\5000070711 | ||
| 005 | 20260406110617.0 | ||
| 035 | _a(NLR Aleph) 009373758 | ||
| 090 |
_a7938651 _c7938651 |
||
| 100 | _a20101222d1987 |||y0rusy50 ca | ||
| 101 | 0 | _afre | |
| 102 | _aRU | ||
| 105 | _ay ||||000|y | ||
| 200 | 1 |
_aDiscours prononcé à Mourmansk _eLors de la Cérémonie solennelle de remise à la ville de l'ordre de Lénine et de la médaille "Étoile d'Or", le 1-er oct. 1987 _fMikhaïl Gorbatchev |
|
| 210 |
_aM. _cÉd. de l'Agence de presse "Novosti" _d1987 |
||
| 215 |
_a32 с. _d20 см |
||
| 300 | _aНа обороте тит. л.: Речь в Мурманске на торжественном собрании, посвященном вручению городу ордена Ленина и медали "Золотая Звезда", 1 октября 1987 г. / Михаил Сергеевич Горбачев | ||
| 686 |
_aФ61(2Р-41Му)273, 012 _2rubbk |
||
| 686 |
_aТ3(2Р-4Му-2Р-4Му-2Мур)73 _2rubbk |
||
| 700 | 1 |
_4070 _8rus _7ba _aGorbačev _bM. S. _cгос. деятель _f1931-2022 _gMichail Sergeevič _3RU\NLR\AUTH\77110387 _993312 |
|
| 790 | 1 |
_9z01700 _aGorbatchev _bM. _gMikhaïl _4070 |
|
| 801 | 1 |
_aRU _bNLR _c20101222 |
|
| 801 | 0 |
_aRU _bNLR _gPSBO |
|
| 852 |
_aNLR _jИр51 Д-4/643 |
||
| 942 | _cBOOK | ||
| 980 | _aNB | ||